Budaya jaya : (Record no. 16183)

MARC details
000 -LEADER
fixed length control field 00717nam a2200229 i 4500
001 - CONTROL NUMBER
control field C2-0083949
003 - CONTROL NUMBER IDENTIFIER
control field PPAK
005 - DATE AND TIME OF LATEST TRANSACTION
control field 20180727085729.0
008 - FIXED-LENGTH DATA ELEMENTS--GENERAL INFORMATION
fixed length control field 970429s19 io |||| ||||| | may d
040 ## - CATALOGING SOURCE
Original cataloging agency PPAK
Language of cataloging eng
Transcribing agency PPAK
Description conventions rda
082 04 - DEWEY DECIMAL CLASSIFICATION NUMBER
Classification number 306.0959805
Edition number 23
090 00 - LOCALLY ASSIGNED LC-TYPE CALL NUMBER (OCLC); LOCAL CALL NUMBER (RLIN)
Classification number (OCLC) (R) ; Classification number, CALL (RLIN) (NR) 306.0959805
Feature heading BUD
Feature heading KSA
245 00 - TITLE STATEMENT
Title Budaya jaya :
Remainder of title tahun kesembilan - Mei 1976
264 #1 - PRODUCTION, PUBLICATION, DISTRIBUTION, MANUFACTURE, AND COPYRIGHT NOTICE
Place of production, publication, distribution, manufacture Jakarta Kota :
Name of producer, publisher, distributor, manufacturer Dewan kesenian Jakarta ,
Date of production, publication, distribution, manufacture, or copyright notice [19?]
300 ## - PHYSICAL DESCRIPTION
Extent [63 pages] ;
Dimensions 21 cm
336 ## - CONTENT TYPE
Source rdacontent
Content type term text
337 ## - MEDIA TYPE
Source rdamedia
Media type term unmediated
338 ## - CARRIER TYPE
Source rdacarrier
Carrier type term volume
500 ## - GENERAL NOTE
General note Jil. ; Bulanan ; Huraian berdasarkan : Oktober 1977 ; Simpanan perpustakaan : 1977, 1978
650 10 - SUBJECT ADDED ENTRY--TOPICAL TERM
Topical term or geographic name entry element Socialism and culture
942 ## - ADDED ENTRY ELEMENTS (KOHA)
-- dc
Koha item type Book
Holdings
Withdrawn Not for loan Current library Shelving location Date acquired Full call number Barcode Date last seen Koha item type
  Not For Loan Perpustakaan Alor Setar Koleksi S.N. Shahnon Ahmad 09/11/2003 KSA 306.0959805 BUD A00204040 08/05/2018 Book
  Not For Loan Perpustakaan Alor Setar Koleksi S.N. Shahnon Ahmad 10/11/2003 KSA 306.0959805 BUD A00203531 08/05/2018 Book